La banca de desarrollo en México /

Obra en que se describe la labor y los programas de trabajo de las instituciones financieras mexicanas de fomento y desarrollo económico y regional que funcionaban a inicios de la década de 1990. En México, el sistema financiero está integrado por dos tipos de entidades: los bancos de desarrollo y l...

Fuld beskrivelse

Guardado en:
Bibliografiske detaljer
Format: Bog
Sprog:spansk
Fag:
Tags: Tilføj Tag
Ingen Tags, Vær først til at tagge denne postø!

MARC

LEADER 00000nam^a2200000^a^4500
001 000183577
005 20250521000000.0
009 20260310102044.853
020 |a 968-806-499-8 
037 |a Acervo ITESO - Biblioteca 
041 |a ESP 
082 |a 332. 280972  |b BAN 
245 0 3 |a La banca de desarrollo en México / 
264 |a México :  |b Secretaría de Hacienda y Crédito Público,  |c 1991 
300 |a 80 p. 
336 |a texto  |b txt  |2 rdacontenido 
337 |a sin mediación  |b n  |2 rdamedio 
338 |a volumen  |b nc  |2 rdasoporte 
520 |a Obra en que se describe la labor y los programas de trabajo de las instituciones financieras mexicanas de fomento y desarrollo económico y regional que funcionaban a inicios de la década de 1990. En México, el sistema financiero está integrado por dos tipos de entidades: los bancos de desarrollo y los fondos y fideicomisos de fomento, especializadas a la atención de sectores determinados. 
649 |a XX 
650 |a Crédito -  |z México 
650 |a Banca de Dearrollo -  |z México 
650 |a Bancos y Operaciones Bancarias -  |z México 
650 |a Sistema Financiero -  |z México 
650 |a Finanzas -  |z México 
650 |a Agricultura -  |z México -  |x Aspectos Económicos 
650 |a Pesca -  |z México -  |x Aspectos Económicos 
650 |a Vivienda de Interés Social -  |z México 
650 |a Comercio -  |z México 
650 |a Comercio Exterior -  |z México 
650 |a Servicios Públicos -  |z México 
650 |a Industrialización -  |z México 
650 |a Desarrollo Tecnológico -  |z México 
650 |a Desarrollo Rural -  |z México 
650 |a Desarrollo Regional -  |z México 
650 |a Desarrollo Económico-Social -  |z México 
650 |a Política Económica -  |z México 
650 |a Economía -  |z México -  |x Historia -  |y 1988-1994 
650 |a México -  |x Condiciones Económicas 
910 |a Fondo General 
920 |a Impresos - Libros 
930 |a Colección General 
905 |a 101 
901 |a 0500123966  |b IT1  |c ACC  |u 20250521 
902 |a https://opac.biblio.iteso.mx/vufind/Record/000183577